| 000 | 01378nam a2200361 i 4500 | ||
|---|---|---|---|
| 001 | 57238 | ||
| 003 | CO-BoRNBP | ||
| 005 | 20250605155244.0 | ||
| 007 | ta | ||
| 008 | 180109s2017 sp a gr 000 0 spa d | ||
| 020 | _a9788491041900 | ||
| 040 |
_aCO-BoRNBP _bspa _erda _cCO-BoRNBP |
||
| 041 | 0 | _aspa | |
| 043 | _as-ck--- | ||
| 082 | 0 | 4 |
_a923.6 _bY68y _223 |
| 100 | 1 |
_aYousafzai, Malala, _d1997- _eautora _960045 |
|
| 245 | 1 | 0 |
_aYo soy Malala _bla joven que defendió el derecho a la educación y fue tiroteada por los talibanes _cMalala Yousafzai ; con Christina Lamb ; traducción Julia Fernández |
| 250 | _aSegunda edición | ||
| 264 | 1 |
_aMadrid _bAlianza editorial _c2017 |
|
| 300 |
_a356 páginas _bfotografías a color _c23 cm |
||
| 336 |
_atexto _btxt _2rdacontent |
||
| 337 |
_asin mediación _bn _2rdamedia |
||
| 338 |
_avolumen _bnc _2rdacarrier |
||
| 500 | _aIncluye glosario | ||
| 505 | 0 | _aAntes de los talibanes -- El valle de la muerte -- Tres niñas, tres balas -- Entre la vida y la muerte -- Una segunda vida | |
| 600 | 1 | 4 |
_aYousafzai, Malala, _d1997- _vBiografia _960046 |
| 650 | 0 | 0 |
_aEntrevistas _xEspañolas _2LEMB _960047 |
| 650 | 0 | 4 |
_aDerechos de la mujer _2LEMB _9405 |
| 650 | 0 | 0 |
_aEducación de la mujer _xAspectos sociales _2LEMB _960048 |
| 700 | 1 |
_aFernández, Julia, _etraductora _960049 |
|
| 700 | 1 |
_aLamb, Christina _d1965- _960050 |
|
| 942 |
_2ddc _cBK |
||
| 999 |
_c57238 _d57238 |
||